We Still Don't Trust You - Song Lyrics - Statistics

General Stats
  • This quiz has been taken 49 times
  • The average score is 78 of 106
Answer Stats
Hint Lyrics % Correct
2x | 3x | 7x you
100%
a
97%
still
97%
C Still
97%
We
97%
we
97%
don't
94%
trust
94%
Trust
94%
I
88%
the
88%
and
81%
V1 And
81%
girls,
78%
they
78%
with
78%
love
75%
Paris
75%
sing
75%
song
75%
such
72%
freak
69%
freak,
69%
my
69%
she
69%
yeah
69%
yeah-
69%
at
66%
feel
66%
freaky,
63%
is
63%
where
63%
home
59%
sexual
59%
Intro | Outro She's
59%
Bad
56%
bad
56%
forgot
56%
In
56%
it
56%
feeling
53%
got
53%
of
53%
Electricity,
50%
stadium
50%
be
47%
her
47%
shows
44%
arena
41%
stage,
41%
transparency
41%
Oh-
34%
oh,
34%
am
28%
ever
28%
higher
28%
than
28%
will
28%
chemistry
25%
loving
25%
our
25%
No matching quizzes found
Score Distribution
Percent of People with Each Score
Percentile by Number Answered
Your Score History
You have not taken this quiz